| 000 | 00732nam 22002293 4500 | ||
|---|---|---|---|
| 001 | 198025 | ||
| 010 | _a978-989-98121-6-1 | ||
| 021 |
_aPT _b387881/15 |
||
| 090 | _a198025 | ||
| 100 | _a20250922d u||y0pory50 ba | ||
| 200 |
_aO convento de Santo António dos Capuchos _econtributos para a sua história _fRute Xavier Guerreiro |
||
| 205 | _a1ª | ||
| 210 |
_aAlcobaça _cEscafandro _d2015 |
||
| 215 |
_a110 p. _cil., fot. ; brochado _d23 cm |
||
| 606 |
_94600 _aArquitetura |
||
| 610 | _aArquitetura--história--Convento dos Capuchos--Leira[Portugal] | ||
| 675 |
_a72(469.41) _vPT _zpor |
||
| 675 |
_a94(469.41) _vPT _zpor |
||
| 700 |
_914032 _aGuerreiro _bRute Xavier _f1969- |
||
| 801 |
_aPT _bBMMN _gRPC |
||
| 830 |
_cAna _fAna |
||
| 990 | _cLIVROS | ||